| 000 | 00426nam a2200121Ia 4500 | ||
|---|---|---|---|
| 008 | 200902s9999 xx 000 0 und d | ||
| 020 | _a978-971-9654-23-0 | ||
| 100 | _aFlores, Marivic F. | ||
| 245 |
_cMarivic Flores.-- _aAdministrative office management / |
||
| 260 |
_aManila : _bUnlimited Books Library Services & Publishing Inc. _c2016 |
||
| 300 |
_aviii , 184 pages : _billustrations ; _c23 cm. |
||
| 650 | _aOffice management | ||
| 999 |
_c363941 _d363941 |
||